Nguyên lý máy

Trình bày các nội dung truyền thống của môn học nguyên lí máy. Tìm hiểu cấu trúc cơ cấu phẳng toàn khớp thấp, cân bằng máy, ma sát trong khớp động, chuyển động thực của máy, cơ cấu cam phẳng, cơ cấu bánh răng phẳng......

Полное описание

Сохранить в:
Библиографические подробности
Главный автор: Đinh, Gia Tường
Формат:
Язык:Undetermined
Опубликовано: Hà Nội Giáo Dục 2000
Предметы:
Метки: Добавить метку
Нет меток, Требуется 1-ая метка записи!
Thư viện lưu trữ: Trung tâm Học liệu Trường Đại học Cần Thơ
LEADER 00904nam a2200205Ia 4500
001 CTU_41493
008 210402s9999 xx 000 0 und d
020 |c 34000 
082 |a 621.8 
082 |b T561/T.1 
100 |a Đinh, Gia Tường 
245 0 |a Nguyên lý máy 
245 0 |c Đinh Gia Tường, Tạ Khánh Lâm 
260 |a Hà Nội 
260 |b Giáo Dục 
260 |c 2000 
520 |a Trình bày các nội dung truyền thống của môn học nguyên lí máy. Tìm hiểu cấu trúc cơ cấu phẳng toàn khớp thấp, cân bằng máy, ma sát trong khớp động, chuyển động thực của máy, cơ cấu cam phẳng, cơ cấu bánh răng phẳng... 
650 |a Machine engineering,Mechanics, applied 
904 |i Minh, Hải 
980 |a Trung tâm Học liệu Trường Đại học Cần Thơ